| 000 | 00621nam a2200229 a 4500 | ||
|---|---|---|---|
| 001 | BRCA_5867 | ||
| 005 | 20190320205238.0 | ||
| 008 | 160311s1929----enk#######---#000-0#eng-# | ||
| 041 | _aeng | ||
| 044 | _aenk | ||
| 050 | 4 |
_aTS546 _b.B35 1929 |
|
| 100 | 1 |
_aBaillie, G. H. _d1873-1951 _914854 |
|
| 245 | 1 | 0 |
_aWatchmakers and clockmakers of the world _cby G. H. Baillie. |
| 260 |
_aLondres _bMethuen _c1929 |
||
| 300 |
_axiv, 416 p. _c25 cm. |
||
| 440 | 0 |
_aThe connoisseur’s library _914855 |
|
| 500 | _aG51 | ||
| 650 | 1 | 4 |
_aRelojeros _92107 |
| 650 | 1 | 4 |
_aRelojes _xFabricación _914856 |
| 902 | _aGFM | ||
| 942 |
_2lcc _cB |
||
| 999 |
_c5556 _d5556 |
||